000 00383nam a2200157 a 4500
005 20140414093840.0
008 071006s19uu xx 00 eng d
050 _aVCD 790
_bCHA 2007
245 _aCharlotte's web.
260 _aSl :
_bParmount Pictures,
_cc2007.
300 _a2 Videodisks
650 _aFilm.
650 _aFilm adaptations.
942 _cAVM
999 _c109249
_d109249